LEADER 00955nam0-2200301---450 001 9911064727003321 005 20260224111405.0 100 $a20260223d1905----km-y0itay50------ba 101 0 $ager 102 $aDE 105 $aaf------001yy 200 1 $aPhysikalische Krystallographie$eund Einleitung in die Krystallographische Kenntnis der Wichtigsten Substanzen$fvon P. Groth 205 $a4. neubearbeitete Aufl. 210 $aLeipzig$cWilhelm Engelmann$d1905 215 $aXIV, 820 p., III c. di tav.$cill.$d25 cm 451 0$1001990000072360403321 451 0$10019911062446703321 451 0$10019910907588903321 610 0 $aCristallografia 676 $a548$v23$zita 700 1$aGroth,$bPaul Heinrich$f<1843-1927>$04890 801 0$aIT$bUNINA$gREICAT$2UNIMARC 901 $aBK 912 $a9911064727003321 952 $aM 2 VII 17$b26182$fNAP14 959 $aNAP14 996 $aPhysikalische Krystallographie$9110650 997 $aUNINA